000
00193nam a2200109Ia 4500
100
_a
#N/A
942
_c
BK
654
_a
fedora
245
_a
`Fedora
260
_b
#N/A
_c
2004
546
_a
ENGLISH
999
_c
32057
_d
32057